000 00312nam a2200109Ia 4500
008 200302s9999 xx 000 0 und d
100 _aJean -Louis cohen
245 _aLe Corbusier 1887 - 1965 the lyricism of Architecture in the machine age
260 _bTaschen Gmbh Publishing
260 _c2015
300 _a96
999 _c6247
_d6247